| 000 | 00610cam a2200169 i 4500 | ||
|---|---|---|---|
| 005 | 20260203112745.0 | ||
| 008 | 250721s2003 ua gr 000 0 ara d | ||
| 082 | 1 | 4 |
_a371.9 _bم س ا |
| 100 | 1 |
_aمسافر، علي عبدالله علي _eمؤلف. |
|
| 245 | 1 | 2 |
_aالتعليم الملطف / _cدكتور علي عبدالله علي مسافر. |
| 250 | _aالطبعة الأولى. | ||
| 264 | 3 | 1 |
_aالقاهرة : _bدار السحاب للنشر والتوزيع، _c2003. |
| 300 | _a192 صفحة. | ||
| 650 | 1 | 7 | _aالتعليم الخاص. |
| 942 |
_2ddc _cBK |
||
| 999 |
_c95914 _d95914 |
||